The 12 best kept secrets for living an emotionally healthy life / (Record no. 9998)

MARC details
000 -LEADER
fixed length control field 01193cam a2200337 a 4500
001 - CONTROL NUMBER
control field 216103
003 - CONTROL NUMBER IDENTIFIER
control field GBCCL
005 - DATE AND TIME OF LATEST TRANSACTION
control field 20241126110723.0
008 - FIXED-LENGTH DATA ELEMENTS--GENERAL INFORMATION
fixed length control field 930831s1993 tnu b 000 0 eng d
010 ## -
-- 99173184
020 ## - INTERNATIONAL STANDARD BOOK NUMBER
International Standard Book Number 0840734662
035 ## - SYSTEM CONTROL NUMBER
System control number (DLC) 99173184
035 ## - SYSTEM CONTROL NUMBER
System control number (OCoLC)28725909
040 ## - CATALOGING SOURCE
Original cataloging agency OTifH
Transcribing agency OTifH
Modifying agency DLC
042 ## -
-- lccopycat
050 00 -
-- BJ1581.2
-- .T52 1993
082 ## - DEWEY DECIMAL CLASSIFICATION NUMBER
Classification number 158.1
Item number THU
100 1# - MAIN ENTRY--PERSONAL NAME
Personal name Thurman, Chris.
9 (RLIN) 17391
240 10 -
-- Truths we must believe
245 14 - TITLE STATEMENT
Title The 12 best kept secrets for living an emotionally healthy life /
Statement of responsibility, etc. Chris Thurman.
246 3# -
-- Twelve best kept secrets for living an emotionally healthy life
260 ## - PUBLICATION, DISTRIBUTION, ETC.
Place of publication, distribution, etc. Nashville, Tenn. :
Name of publisher, distributor, etc. T. Nelson,
Date of publication, distribution, etc. c1993.
300 ## - PHYSICAL DESCRIPTION
Extent xiv, 225 p. ;
Dimensions 21 cm.
500 ## - GENERAL NOTE
General note "A Janet Thoma book."
500 ## - GENERAL NOTE
General note Originally published: The truths we must believe. Nashville : T. Nelson, c1991.
504 ## - BIBLIOGRAPHY, ETC. NOTE
Bibliography, etc. note Includes bibliographical references (p. [204]-205).
650 #0 - SUBJECT ADDED ENTRY--TOPICAL TERM
Topical term or geographic name entry element Conduct of life.
9 (RLIN) 524
906 ## - LOCAL DATA ELEMENT F, LDF (RLIN)
a 7
b cbc
c copycat
d 2
e ncip
f 19
g y-gencatlg
942 ## - ADDED ENTRY ELEMENTS (KOHA)
Source of classification or shelving scheme Dewey Decimal Classification
Koha item type Books
Holdings
Withdrawn status Lost status Source of classification or shelving scheme Damaged status Not for loan Home library Current Library Shelving location Date acquired Total checkouts Full call number Barcode Date last seen Copy number Price effective from Koha item type
    Dewey Decimal Classification     GRACE BIBLE COLLEGE GRACE BIBLE COLLEGE Philosophy and Religion 2024-01-12   158.1 THU 020683 2025-05-01 c.1 2024-01-12 Books
© Grace Bible College Library 2025